[Event "Budapest FS04 GM"]
[Site "Budapest"]
[Date "1998.04.11"]
[Round "8"]
[White "Cladouras, Panagiotis"]
[Black "Ruck, Robert"]
[Result "1-0"]
[WhiteElo "2355"]
[BlackElo "2450"]

1.e4 d6 2.d4 Nf6 3.Nc3 Nbd7 4.Nf3 e5 5.Be2 c6 6.O-O Be7 7.a4 O-O 8.h3 b6
9.Bg5 a6 10.Re1 Re8 11.Bf1 Qc7 12.Bh4 Bb7 13.Qd2 b5 14.axb5 cxb5 15.d5 Rac8
16.g4 Nb6 17.Qe3 Qc5 18.Qxc5 Rxc5 19.Bg5 Nc4 20.Bc1 Rec8 21.Bd3 Nd7 22.Nd1 Ra8
23.b3 Ncb6 24.Ne3 Rcc8 25.Nf5 Bf8 26.Be3 g6 27.Ng3 Nc5 28.Bf1 Rc7 29.Nd2 Be7
30.g5 Bc8 31.h4 Rb8 32.Kh2 Ncd7 33.c4 bxc4 34.bxc4 Nc5 35.Reb1 Nbd7 36.Rxb8 Nxb8
37.Ne2 Nbd7 38.Bh3 Nb6 39.Bxc8 Rxc8 40.Bxc5 Rxc5 41.Rxa6 Nxc4 42.Nxc4 Rxc4
43.Ng3 Rc7 44.Rc6 Rb7 45.Kh3 h6 46.gxh6 Kh7 47.h5 Kxh6 48.hxg6 fxg6 49.Kg4 Kg7
50.Nf1 Rb2 51.Kg3 Rb3+ 52.Ne3 Kf7 53.Kg4 Ke8 54.Nc4 Kd7 55.Nb6+ Ke8 56.f3 Rd3
57.Nc8 Kd7 58.Nxe7 Kxe7 59.Rc7+ Ke8 60.Rg7 Ra3 61.Rxg6 Ke7 62.Re6+ Kd7 63.Rh6 Ke7
64.Rh7+ Kf6 65.Rd7 Ra6 66.Kg3 Rb6 67.Kf2 Kg5 68.Kg3 Ra6 69.Re7 Rb6 70.Re6 Ra6
71.Re7 Rb6 72.Rf7 Ra6 73.Rc7 Ra8 74.Rc1 Rb8 75.Rc6 Rd8 76.Kf2 Kf4 77.Rc7 Ra8
78.Rf7+ Kg5 79.Ke2 Kg6 80.Rd7 Ra6 81.Kd3 Kg5 82.Rf7 Rb6 83.Kc4 Rb8 84.Rf5+ Kg6
85.f4 exf4 86.Rxf4 Kg7 87.Rf1 Rc8+ 88.Kd4 Ra8 89.Kc4 Rc8+ 90.Kb5 Kg6 91.Kb6 Rc4
92.Rf8 Kg7 93.Re8 Kf6 94.Re6+ Kg5 95.e5 dxe5 96.Rxe5+ Kf6 97.Re1 Rd4 98.Kc5 Ra4
99.d6 Ra5+ 100.Kb6 Rd5 101.Kc6 Re5 102.Rxe5 Kxe5 103.d7  1-0

[Event "Dreifluesse op"]
[Site "Passau"]
[Date "1998.04.11"]
[Round "4"]
[White "Hirn, Erwin"]
[Black "Ritz, Thomas"]
[Result "1-0"]
[WhiteElo "2000"]
[BlackElo "2115"]

1.d4 Nf6 2.Nc3 d6 3.e4 Nbd7 4.Be3 c6 5.a4 e5 6.Bc4 Qa5 7.f3 Be7 8.Ne2 O-O
9.O-O Re8 10.Ng3 Bf8 11.f4 Qc7 12.fxe5 dxe5 13.Nh5 Be7 14.Qf3 Nf8 15.Bh6 Be6
16.Bxe6 Nxe6 17.Bxg7 Nxg7 18.Nxf6+ Bxf6 19.Qxf6 Re6 20.Qf2 exd4 21.Qxd4 Ne8
22.Rad1 Qe7 23.Rf3 Ng7 24.Rdf1 Rf8 25.Rd3 b6 26.Rg3 Rg6 27.Rgf3 Ne6 28.Qf2 Qc5
29.Qxc5 Nxc5 30.b4 Ne6 31.Rd1 c5 32.Nd5 Kg7 33.c3 Ng5 34.Re3 Re8 35.Rde1 cxb4
36.cxb4 Rc8 37.Ne7 Rc4 38.Nxg6 hxg6 39.h4 Ne6 40.Rb3 Nf4 41.Rf3 Ne6 42.Ref1 Rxb4
43.Rxf7+ Kh6 44.Rxa7 Rxe4 45.Re7 Kh5 46.Rff7 Nc5 47.Rxe4 Nxe4 48.Rb7  1-0

[Event "Dreifluesse op"]
[Site "Passau"]
[Date "1998.04.12"]
[Round "6"]
[White "Ludwig, Franz"]
[Black "Barlo, Werner"]
[Result "1-0"]
[WhiteElo "1930"]
[BlackElo "1686"]

1.e4 d6 2.d4 Nf6 3.Nc3 Nbd7 4.f4 e5 5.dxe5 dxe5 6.Nf3 exf4 7.Bc4 Bd6 8.O-O O-O
9.Kh1 Ne5 10.Nxe5 Bxe5 11.Qxd8 Rxd8 12.Bxf4 Bxf4 13.Rxf4 Be6 14.Nd5 Nxd5
15.exd5 Bxd5 16.Bd3 Re8 17.Rd1 Rad8 18.Kg1 Be6 19.Ra4 a6 20.Rb4 Bd5 21.Rd4 Be4
22.Bxe4 Rxd4 23.Rxd4 f5  1-0

[Event "Budapest FS04 IM"]
[Site "Budapest"]
[Date "1998.04.15"]
[Round "12"]
[White "Mork, Kjell Arne"]
[Black "Mensch, Etienne"]
[Result "1/2-1/2"]
[WhiteElo "2305"]
[BlackElo "2225"]

1.e4 d6 2.d4 Nf6 3.Nc3 Nbd7 4.Nf3 e5 5.Bc4 Be7 6.O-O O-O 7.Qe2 c6 8.a4 b6
9.Be3 a6 10.Rfd1 Qc7 11.Ba2 Bb7 12.Nh4 b5 13.Nf5 Rfe8 14.Qf3 Nf8 15.dxe5 dxe5
16.Bg5 Rad8 17.Nh6+ gxh6 18.Bxf6 Bxf6 19.Qxf6 Rxd1+ 20.Rxd1 Ng6 21.Ne2 Qe7
22.Qxe7 Nxe7 23.Ng3 Kf8 24.Nh5 Ng8 25.Rd7 Re7 26.Rd6 Re8 27.Kf1 Ke7 28.Rd3 Bc8
29.Rg3 c5 30.Bd5 bxa4 31.Bc6 Rd8 32.Ke2 Be6 33.Bxa4 Rd4 34.Bc6 Nf6 35.Nxf6 Kxf6
36.Ra3 Rd6 37.Bd5 c4 38.Rc3 Rb6 39.Rxc4 Rxb2 40.Rc6 a5 41.Kd2 Rb1 42.Ra6 Ra1
43.Bxe6 fxe6 44.Ra7 Rh1 45.g3 Rxh2 46.Ke3 h5 47.c4 h4 48.gxh4 Rh3+ 49.f3 Rxh4
50.Rxa5 Rh1 51.Kf2 Rc1 52.Rc5 h5 53.Rc7 Kg5 54.Kg3 h4+ 55.Kh3 Rc3 56.Rf7 Rxc4
57.Rg7+ Kf6 58.Rh7 Rc3 59.Kg4 Rc1 60.Rh6+ Kf7 61.Rxh4  1/2-1/2

[Event "Budapest FS04 GM"]
[Site "Budapest"]
[Date "1998.04.16"]
[Round "13"]
[White "Bunzmann, Dimitrij"]
[Black "Mikhaletz, Lubomir"]
[Result "1/2-1/2"]
[WhiteElo "2390"]
[BlackElo "2435"]

1.d4 d6 2.e4 Nf6 3.Nc3 e5 4.dxe5 dxe5 5.Qxd8+ Kxd8 6.Bc4 Be6 7.Bxe6 fxe6
8.f3 Bd6 9.Be3 Nc6 10.Nge2 Ke7 11.Rd1 Rad8 12.Kf2 Rhf8 13.h3 a6 14.Rd2 b5
15.a3 a5 16.Ke1 b4 17.axb4 axb4 18.Na4 Ra8 19.b3  1/2-1/2

[Event "RUS-ch (Women)"]
[Site "Elista"]
[Date "1998.04.20"]
[Round "1.1"]
[White "Rakitskaja, M."]
[Black "Ovod, Evgenija"]
[Result "1-0"]
[WhiteElo "2160"]
[BlackElo "2375"]

1.d4 d6 2.e4 Nf6 3.Nc3 c6 4.Nf3 Qa5 5.Bd2 e5 6.Nd5 Qd8 7.Nxf6+ gxf6 8.c3 Be6
9.Qc2 Nd7 10.Bd3 Qc7 11.Nh4 d5 12.f3 O-O-O 13.Be3 Bd6 14.g3 exd4 15.cxd4 dxe4
16.Bxe4 Rhe8 17.Kf2 Nb6 18.Rhd1 h5 19.Rac1 Bd5 20.Nf5 h4 21.Nxd6+ Qxd6 22.Bf4 hxg3+
23.Bxg3 Bxe4 24.fxe4 Qe6 25.d5 Qxe4 26.Qxe4 Rxe4 27.dxc6 Rxd1 28.cxb7+ Kxb7
29.Rxd1 f5 30.Kf3 a5 31.b3 a4 32.h4 axb3 33.axb3 Rb4 34.Rd3 Rb5 35.Bf4 Nd5
36.h5 Kc6 37.h6 Rb4 38.Rxd5 Kxd5 39.h7 Rxb3+ 40.Kg2 Rb2+ 41.Kh3 Rb3+ 42.Bg3 f4
43.h8=Q Rxg3+ 44.Kh4 Ke6 45.Qd8 Rg6 46.Kh5 f3 47.Qh4 Kd7 48.Qe1 f2 49.Qxf2 Ke7
50.Qc5+ Kf6 51.Qf8 Rg5+ 52.Kh6 Rd5 53.Qb4 Ke6 54.Qh4 f6 55.Qc4 Ke5 56.Kg6 Rd6
57.Qc7 Ke6 58.Qf7+ Ke5 59.Qe7+ Kd5 60.Kf5 Kc6 61.Ke4 Kc5 62.Qb7 Rc6 63.Qa7+ Kd6
64.Qd4+ Ke7 65.Kf5 Rd6 66.Qb4 Kd7 67.Qb7+ Kd8 68.Kg6 Rd7 69.Qa8+ Ke7 70.Qe4+ Kf8
71.Kxf6 Rf7+ 72.Kg6 Rg7+ 73.Kh6 Re7 74.Qd5 Re6+ 75.Kg5 Ke7 76.Qb7+ Kd6 77.Qb8+ Kc5
78.Kf5 Rb6 79.Qc7+ Rc6 80.Qe5+ Kb6 81.Ke4 Rc4+ 82.Kd3 Rc5 83.Qe6+ Rc6 84.Qd7 Kc5
85.Kc3 Rd6 86.Qg4 Rc6 87.Qd4+ Kb5+ 88.Kb3 Ka6 89.Ka4 Kb7 90.Kb5 Rc7 91.Qd5+ Ka7
92.Qe4 Rd7 93.Kc6 Rb7 94.Qd4+ Kb8 95.Qd5 Ka8 96.Qa5+ Kb8 97.Qa6 Rc7+ 98.Kd6 Rd7+
99.Ke6 Rc7 100.Qb5+ Ka8 101.Kd6 Rb7 102.Qa5+ Kb8 103.Kc6 Rb3 104.Qe5+ Ka7
105.Qg7+ Ka6 106.Qa1+  1-0

[Event "GRE-chT"]
[Site "Poros"]
[Date "1998.04.20"]
[Round "1"]
[White "Kotronias, Vasilios"]
[Black "Gelashvili, Tamaz"]
[Result "1-0"]
[WhiteElo "2570"]
[BlackElo "2445"]

1.e4 d6 2.d4 Nf6 3.Nc3 e5 4.Nf3 Nbd7 5.Bc4 Be7 6.O-O O-O 7.a4 c6 8.Ba2 b6
9.Re1 a6 10.h3 Bb7 11.dxe5 dxe5 12.Nh4 Nc5 13.Nf5 Bc8 14.Qf3 a5 15.Bg5 Ne6
16.Bxe6 Bxe6 17.Rad1 Qc7 18.Nxe7+ Qxe7 19.Qg3 Bc8 20.Rd3 Qe6 21.Red1 Ne8
22.Rd8 f6 23.Be3 c5 24.Bh6 Ra7 25.Nb5 Rb7 26.Nd6 Nxd6 27.R1xd6 Qe7 28.Qb3+ Qf7
29.Rxf6 Rxd8 30.Rxf7 Rxf7 31.Bg5 Rd6 32.Bh4 Be6 33.Qg3 Rf4 34.f3 h6 35.Qe1 Rf7
36.Qc3 Rfd7 37.Qxe5 Bf7 38.Be1 Rg6 39.Qb8+ Kh7 40.Kf2 Rd1 41.g4 Rc1 42.Bc3 Rxc2+
43.Kg3 h5 44.Qf8 hxg4 45.hxg4 Be6 46.Qe7 Re2 47.Qh4+ Kg8 48.Qd8+ Kh7 49.Qd3 Bc4
50.Qxc4 Rc2 51.Qf1 Rh6 52.e5 Rch2 53.Qd3+ Kh8 54.Kf4 Re6 55.Qd5 Rhh6 56.g5 Rhg6
57.Kg4  1-0

[Event "GRE-chT"]
[Site "Poros"]
[Date "1998.04.21"]
[Round "3"]
[White "Darmarakis, Mihail"]
[Black "Banikas, Hristos"]
[Result "0-1"]
[WhiteElo "2145"]
[BlackElo "2495"]

1.e4 d6 2.d4 Nf6 3.Nc3 e5 4.Nf3 Nbd7 5.Bc4 Be7 6.O-O O-O 7.Re1 c6 8.a4 b6
9.Bg5 a6 10.Qd2 Bb7 11.Rad1 b5 12.Bb3 Qb6 13.Nh4 g6 14.Bh6 Rfe8 15.Nf5 exd4
16.Nxe7+ Rxe7 17.Qxd4 Qxd4 18.Rxd4 d5 19.Bg5 Rae8 20.Red1 c5 21.R4d2 d4 22.Nd5 Bxd5  0-1

[Event "GRE-chT"]
[Site "Poros"]
[Date "1998.04.21"]
[Round "3"]
[White "Goritas, Hristos"]
[Black "Pantavos, Panayotis"]
[Result "1/2-1/2"]
[WhiteElo "2180"]
[BlackElo "2260"]

1.d4 d6 2.e4 Nf6 3.Nc3 Nbd7 4.g3 e5 5.Nge2 Be7 6.Bg2 O-O 7.O-O c6 8.h3 b5
9.a3 Rb8 10.b3 Qc7 11.Bb2 a5 12.Qd2 Re8  1/2-1/2

[Event "CZE-ch (Women)"]
[Site "Klatovy"]
[Date "1998.05.10"]
[Round "3"]
[White "Jackova, Jana"]
[Black "Ptacnikova, Lenka"]
[Result "1/2-1/2"]
[WhiteElo "2195"]
[BlackElo "2280"]

1.e4 d6 2.d4 Nf6 3.Nc3 e5 4.Nf3 Nbd7 5.Bc4 Be7 6.O-O O-O 7.h3 c6 8.a3 b5
9.Bb3 a6 10.Bg5 Bb7 11.Bxf6 Bxf6 12.Re1 Qc7 13.Qd2 Rad8 14.Rad1 Nb6 15.Qe3 exd4
16.Nxd4 Rfe8 17.Qg3 Be5 18.Qf3 a5 19.Nce2 Nc4 20.Bxc4 bxc4 21.Ng3 g6 22.b4 cxb3
23.cxb3 Qb6 24.Nc2 c5 25.Ne3 Bxg3 26.Qxg3 Qxb3 27.Rxd6 Rc8 28.e5 Qc3 29.Red1 Qxe5
30.Qxe5 Rxe5 31.Nc4 Ree8 32.Nxa5 Be4 33.Rc1 Re7 34.Nc4 Bf5 35.Nb6 Rce8 36.Rxc5 Re1+
37.Kh2 R8e2 38.Rcd5 Rxf2 39.Rd2 Ree2 40.Rxe2 Rxe2 41.Nc4 Ra2 42.Rd2 Ra1 43.Nd6 Be6
44.Rd3 Ra2 45.Kg3 g5 46.Kf3 f5 47.g4 f4 48.h4 gxh4 49.Kxf4 h5 50.Nf5 hxg4
51.Nxh4 Rh2 52.Kg5 Kf7 53.Ng6 Re2 54.Rc3 Bd7 55.Nf4 Re5+ 56.Kh4 Re4 57.Nd5 Rd4  1/2-1/2

[Event "CZE-ch (Women)"]
[Site "Klatovy"]
[Date "1998.05.14"]
[Round "7"]
[White "Pallova, Martina"]
[Black "Ptacnikova, Lenka"]
[Result "1/2-1/2"]
[WhiteElo "2145"]
[BlackElo "2280"]

1.e4 d6 2.d4 Nf6 3.Nc3 e5 4.Nf3 Nbd7 5.Bc4 Be7 6.O-O O-O 7.h3 c6 8.a4 b6
9.Qe2 Qc7 10.Bg5 exd4 11.Nxd4 Ne5 12.Ba6 Bxa6 13.Qxa6 h6 14.Be3 Rfe8 15.f4 Ned7
16.Nf5 Bf8 17.Qd3 g6 18.Ng3 Rad8 19.Rad1 Ra8 20.Bd4 Nc5 21.Qf3 Nfd7 22.Nce2 Ne6
23.Bc3 Ng7 24.h4 b5 25.b3 b4 26.Bb2 Qb6+ 27.Kh2 Qd8 28.Qg4 h5 29.Qh3 Nf6
30.Bxf6 Qxf6 31.f5 gxf5 32.exf5 Re3 33.Rf3 Rxf3 34.gxf3 Re8 35.Nf4 Qe5 36.Nd3 Qd4
37.Rg1 Kh7 38.Ne4 d5 39.Ng5+ Kg8 40.Qg3 Qf6 41.Nh3 Re2+ 42.Rg2 Rxg2+ 43.Kxg2 Qxf5
44.Qc7 Ne6 45.Qxa7 c5 46.Qb8 Nd4 47.Qg3+  1/2-1/2

[Event "Brazilian City Cup 2nd"]
[Site "Brasilia"]
[Date "1998.05.24"]
[Round "4"]
[White "Batista, Gerson P"]
[Black "Lima, Darcy"]
[Result "1-0"]
[WhiteElo "2165"]
[BlackElo "2475"]

1.e4 Nf6 2.Nc3 d6 3.d4 e5 4.Nf3 Nbd7 5.Bc4 Be7 6.O-O O-O 7.dxe5 dxe5 8.Qe2 c6
9.a4 b6 10.h3 a6 11.Be3 Bb7 12.Rfd1 b5 13.axb5 axb5 14.Rxa8 Qxa8 15.Bb3 b4
16.Nb1 c5 17.Nbd2 Ba6 18.Qe1 Qc6 19.Nc4 Qxe4 20.Nd6 Bxd6 21.Rxd6 Bb5 22.Nd2 Qh4
23.Nf3 Qh5 24.Nd2 Ne8 25.Rxd7 Bxd7 26.Bxc5 Bc6 27.Bxf8 Qg6 28.f3 Kxf8 29.Qxe5 h5
30.Qc5+ Kg8 31.Qxb4 Nd6 32.Qf4 Nf5 33.Ne4 Nd4 34.Qe3 Nxb3 35.cxb3 Qe6 36.Qd3 Bxe4
37.fxe4 Qb6+ 38.Kh2 Qf2 39.Qd8+ Kh7 40.Qg5 g6 41.Qe5 f6 42.Qe7+ Kh6 43.Qf8+ Kh7
44.Qb8 f5 45.exf5 gxf5 46.Qe5 h4 47.b4 f4 48.Qh5+ Kg7 49.Qg4+ Kf6 50.b5 Ke5
51.b6 Qxb6 52.Qxh4 Ke4  1-0

[Event "Szeged TT05 IM"]
[Site "Szeged"]
[Date "1998.05.24"]
[Round "4"]
[White "Dovzik, Juri"]
[Black "Rizsonkov, Vladimir"]
[Result "1-0"]
[WhiteElo "2375"]
[BlackElo "2270"]

1.e4 d6 2.d4 Nf6 3.Nc3 c6 4.f4 Qa5 5.Bd3 Bg4 6.Nf3 Nbd7 7.O-O e5 8.Be3 Be7
9.h3 Bh5 10.Qe1 Qc7 11.dxe5 dxe5 12.fxe5 Ng8 13.Qg3 Bg6 14.Kh1 O-O-O 15.a3 Nc5
16.b4 Nxd3 17.cxd3 Rxd3 18.Nd5 Qd7 19.Bxa7 Qe6 20.Nf4 Rxf3 21.Qxf3 Qxe5 22.Qg4+ f5
23.exf5 Bxf5 24.Nd3 Bxg4 25.Nxe5 Be6 26.Nf7 Bxf7 27.Rxf7 h5 28.Re1 Kd8 29.Rxg7 Ke8
30.Bc5 Kf8 31.Rgxe7 Nxe7 32.Rxe7 b6 33.Ra7+ bxc5 34.Ra8+ Kg7 35.Rxh8 cxb4
36.Rc8  1-0

[Event "Szeged TT05 IM"]
[Site "Szeged"]
[Date "1998.05.26"]
[Round "6"]
[White "Papp, Laszlo"]
[Black "Ianov, Viktor"]
[Result "0-1"]
[WhiteElo "2225"]
[BlackElo "2360"]

1.e4 d6 2.d4 Nf6 3.Nc3 e5 4.Nf3 Nbd7 5.Bc4 Be7 6.h3 c6 7.dxe5 dxe5 8.Qe2 b5
9.Bd3 a6 10.O-O Bb7 11.a4 O-O 12.axb5 axb5 13.Bg5 h6 14.Bh4 Nh5 15.Nxe5 Nf4
16.Qg4 Nxh3+ 17.Qxh3 Nxe5 18.Rxa8 Bxa8 19.Bxe7 Qxe7 20.f4 Nxd3 21.cxd3 b4
22.Ne2 f5 23.e5 c5 24.Rc1 Bd5 25.Qe3 Rc8 26.Nd4 Qf7 27.Nb5 Qg6 28.Qh3 Rc6
29.Nd6 Rc7 30.Kf2 Kh8 31.g3 Be6 32.Qh4 Kh7 33.Qh1 Ra7 34.Rxc5 Ra2 35.Rc2 Bb3
36.Rd2 Ra5 37.Qh3 Be6 38.d4 Rd5 39.Ke3 Bd7 40.Rh2 Qe6 41.Qh5 Rxd6 42.Rd2 Rd5
43.Qh1 Bc6 44.Rc2 Rxe5+  0-1

[Event "Szeged TT05 IM"]
[Site "Szeged"]
[Date "1998.05.28"]
[Round "8"]
[White "Pasztorcsik, Janos"]
[Black "Rizsonkov, Vladimir"]
[Result "1/2-1/2"]
[WhiteElo "2045"]
[BlackElo "2270"]

1.e4 d6 2.d4 Nf6 3.Nc3 c6 4.h3 Qa5 5.Bd3 e5 6.Nf3 Nbd7 7.O-O g6 8.Bd2 Qc7
9.Qc1 h6 10.dxe5 dxe5 11.Be3 Bg7 12.a4 g5 13.Nh2 Nh5 14.Ne2 Nf4 15.Nxf4 exf4
16.Bd2 Ne5 17.Bc3 Be6 18.Bxe5 Qxe5 19.Nf3 Qc7 20.Rd1 a6 21.Be2 Qb6 22.c3 c5
23.a5 Qc6 24.Qc2 Bf6 25.Nd2 O-O 26.Nc4 Rad8 27.Nb6 Rfe8 28.f3 c4 29.Ra4 Rxd1+
30.Qxd1 Qc5+ 31.Kh2 Rd8 32.Qf1 Rd2 33.Bxc4  1/2-1/2

[Event "Warsaw-ch"]
[Site "Warsaw"]
[Date "1998.05.28"]
[Round "6"]
[White "Wiech, Grzegorz"]
[Black "Pedzich, Dominik"]
[Result "1/2-1/2"]
[WhiteElo "2300"]
[BlackElo "2440"]

1.e4 d6 2.d4 Nf6 3.Nc3 e5 4.dxe5 dxe5 5.Qxd8+ Kxd8 6.Bc4 Be6 7.Bxe6 fxe6
8.Nf3 Bd6 9.Bg5 Nc6 10.O-O-O Ke7 11.Nd2 h6 12.Bh4 Bb4 13.Ndb1 a6 14.Rd3 g5
15.Bg3 Nh5 16.Rhd1 Bd6 17.f3 Rhf8 18.R3d2 Nf4 19.Re1 Rad8 20.Nd1 Bb4 21.Bxf4 exf4
22.Rxd8 Rxd8 23.c3 Bc5 24.b4 Ba7 25.Nb2 Ne5 26.Rd1 Rg8 27.h3 h5 28.Nd2 b5
29.Kc2 Ng6 30.Nb3 Nh4 31.Na5 Be3 32.Nc6+ Kf6 33.Rd7 Rg7 34.e5+ Kg6 35.Rxg7+ Kxg7
36.Nd8 Kg6 37.Nxe6 Bb6 38.Nd4 Nxg2 39.Kd3 Ne3 40.Ke4 Nf1 41.Kd3 Nh2 42.Ke4 Nf1
43.Kd3 Nh2 44.Ke4 Nf1  1/2-1/2

[Event "Hamburg-chI"]
[Site "Hamburg"]
[Date "1998.05.30"]
[Round "2"]
[White "Breyther, Ruediger"]
[Black "Buhr, Carl Christian"]
[Result "1-0"]
[WhiteElo "2385"]
[BlackElo "2325"]

1.e4 d6 2.d4 Nf6 3.Nc3 e5 4.Nf3 Nbd7 5.Bc4 Be7 6.O-O O-O 7.Qe2 c6 8.a4 b6
9.Rd1 Qc7 10.h3 Bb7 11.Ba2 a6 12.Nh4 exd4 13.Rxd4 b5 14.Nf5 Ne5 15.Bg5 Ng6
16.Rad1 Rad8 17.h4 Ne8 18.Nxe7+ Nxe7 19.h5 Bc8 20.h6 g6 21.Qf3 Be6 22.Bxe6 fxe6
23.Qg4 e5 24.Qe6+ Rf7 25.R4d3 Qc8 26.Qa2 Kf8 27.axb5 axb5 28.Qa5 Qa8 29.Ra1 Nc7
30.Qxa8 Rxa8 31.Rxa8+ Nxa8 32.Rxd6  1-0

[Event "Russian Club Cup"]
[Site "Maikop"]
[Date "1998.06.03"]
[Round "1"]
[White "Zaitsev, Vadim"]
[Black "Shabanov, Yuri"]
[Result "0-1"]
[WhiteElo "2425"]
[BlackElo "2495"]

1.e4 d6 2.d4 Nf6 3.Nc3 Nbd7 4.Nf3 e5 5.Bc4 Be7 6.Bb3 O-O 7.g4 exd4 8.Nxd4 Nc5
9.f3 Nfd7 10.Bf4 Ne5 11.Qe2 a5 12.a3 c6 13.O-O-O Qc7 14.Nf5 b5 15.Ba2 b4
16.Nb1 Ba6 17.Qe3 Rfb8 18.Bg5 Bf8 19.f4 b3 20.Bxb3 Ned3+ 21.Rxd3 Nxd3+ 22.cxd3 Rxb3
23.Nc3 Rab8 24.Rd1 Qb7 25.Kd2 Rxb2+ 26.Ke1 Qb3 27.Ne2 Rb1 28.Rxb1 Qxb1+ 29.Kf2 Qxd3
30.Qxd3 Bxd3 31.Neg3 f6 32.Bh4 d5 33.e5 Bc5+ 34.Kg2 Rb2+ 35.Kh3 g5 36.fxg5 fxe5
37.g6 hxg6 38.Ne7+ Bxe7 39.Bxe7  0-1

[Event "Russian Club Cup"]
[Site "Maikop"]
[Date "1998.06.03"]
[Round "1"]
[White "Shovunov, Baatr"]
[Black "Eismont, Oleg"]
[Result "0-1"]
[WhiteElo "2475"]
[BlackElo "2470"]

1.e4 d6 2.d4 Nf6 3.Nc3 e5 4.dxe5 dxe5 5.Qxd8+ Kxd8 6.Bg5 Be6 7.O-O-O+ Nd7
8.f4 exf4 9.Nf3 h6 10.Bxf4 c6 11.Nd4 Bb4 12.Nxe6+ fxe6 13.Bc4 Ke7 14.Rhe1 Nh5
15.a3 Nxf4 16.axb4 Ne5 17.Bf1 b5 18.g3 Nh5 19.Bg2 Nf6 20.b3 a5 21.Nd5+ Kf7
22.Nf4 axb4 23.Bh3 g5 24.Bxe6+ Ke7 25.Bh3 gxf4 26.gxf4 Nf3 27.Rf1 Nxh2 28.Rh1 Ra1+
29.Kb2 Rxd1 30.Rxd1 h5 31.e5 Nd5 32.Rh1 Nf3 33.Bg2 Nd4 34.f5 Nxf5  0-1

[Event "Russian Club Cup"]
[Site "Maikop"]
[Date "1998.06.11"]
[Round "9"]
[White "Petrushin, Alexander I"]
[Black "Eismont, Oleg"]
[Result "1/2-1/2"]
[WhiteElo "2425"]
[BlackElo "2470"]

1.e4 d6 2.d4 Nf6 3.Nc3 e5 4.dxe5 dxe5 5.Qxd8+ Kxd8 6.Bc4 Be6 7.Bxe6 fxe6
8.f3 Nc6 9.Be3 a6 10.O-O-O+ Bd6 11.Nh3 Ke7 12.Nf2 h6 13.Nd3 Rhf8 14.Nb1 b5
15.Nd2 Nd7 16.c3 Na5 17.b3 Rfc8 18.Nb2 Nc6 19.Nb1 Rcb8 20.Rd2 a5 21.Rhd1 Nd8
22.c4 b4 23.Na4  1/2-1/2

[Event "Stockholm"]
[Site "Stockholm"]
[Date "1998.06.14"]
[Round "9"]
[White "Berg, Emanuel"]
[Black "Malmstig, Erik"]
[Result "1/2-1/2"]
[WhiteElo "2390"]
[BlackElo "2305"]

1.e4 d6 2.d4 Nf6 3.Nc3 e5 4.Nf3 Nbd7 5.h3 c6 6.a4 Be7 7.Be3 O-O 8.Bc4 Nxe4
9.Nxe4 d5 10.Ned2 exd4 11.Bxd4 dxc4 12.Nxc4 Nf6 13.O-O c5 14.Be5 Qxd1 15.Rfxd1 Bf5
16.Ne3 Be4 17.Nd2 Bg6 18.Ndc4 Rac8 19.Nd6 Bxd6 20.Rxd6 Rfe8 21.Bxf6 gxf6
22.a5 Re6 23.Rd7 Be4 24.a6 bxa6 25.Rxa7 Rb8 26.R1xa6 Rxa6 27.Rxa6 f5 28.Ra5 f4
29.Ng4 Bxc2 30.Nf6+ Kh8 31.Rxc5 Bg6 32.Rc4 Rxb2 33.Rxf4 Kg7 34.Kh2 Rb6 35.Nd5 Rd6
36.Ne3 Ra6 37.Rb4 Ra7 38.Rb5 Rc7 39.Ra5 Re7 40.Nf1 Rb7 41.Ne3 Rb2 42.Kg3 Rb3
43.Ra4 Rd3 44.Kh4 Rd2 45.Rf4 Ra2 46.Kg3 Ra7 47.Nd5 Ra3+ 48.Rf3 Ra5 49.Nf4 Rg5+
50.Kh4 Ra5 51.Kg4 Rb5 52.Ra3 Rb2 53.Kg3 Rb5 54.Ra7 Rb3+ 55.f3 Rb5 56.Rd7 Rg5+
57.Kh4 Ra5 58.Rd5 Ra4 59.Kg3 Rc4 60.Rd2 Rc7 61.Kh2 Rc4 62.Nd5 Ra4 63.Rf2 Rd4
64.Ne3 Rd3 65.Nf1 Rd4 66.f4 Be4 67.Kg3 Kf6 68.Kh4 Bxg2 69.Ne3  1/2-1/2

[Event "Voronezh op"]
[Site "Voronezh"]
[Date "1998.06.14"]
[Round "3"]
[White "Sergienko, Sergey"]
[Black "Belikov, Vladimir"]
[Result "1-0"]
[WhiteElo "2405"]
[BlackElo "2520"]

1.d4 d6 2.e4 Nf6 3.Nc3 e5 4.Nf3 Nbd7 5.Bc4 Be7 6.O-O O-O 7.Re1 c6 8.a4 b6
9.Ba2 Qc7 10.h3 Bb7 11.Nh4 Rfe8 12.Nf5 Bf8 13.dxe5 dxe5 14.Qf3 Re6 15.Bg5 Rae8
16.Rad1 a6 17.Bxe6 fxe6 18.Nh6+ Kh8 19.Ng4 Be7 20.Rd2 Rf8 21.Qg3 Nh5 22.Qh4 Ndf6
23.Red1 Bc8 24.Nxf6 Nxf6 25.Qg3 h6 26.Be3 Kh7 27.f3 b5 28.axb5 cxb5 29.Na2 Nh5
30.Qf2 Nf6 31.Qe2 Nh5 32.Nc1 Rf6 33.Nd3 Nf4 34.Qf2 Rg6 35.Bxf4 exf4 36.e5 Rg5
37.Kh1 Rf5 38.Qd4 g5 39.c4 bxc4 40.Rc2  1-0

[Event "CZE-ch"]
[Site "Zlin"]
[Date "1998.06.16"]
[Round "4"]
[White "Voloshin, Leonid"]
[Black "Jansa, Vlastimil"]
[Result "1/2-1/2"]
[WhiteElo "2420"]
[BlackElo "2480"]

1.d4 d6 2.e4 Nf6 3.Nc3 Nbd7 4.Nf3 e5 5.Bc4 Be7 6.O-O O-O 7.a4 c6 8.Qe2 exd4
9.Nxd4 Re8 10.Bf4 Bf8 11.Qf3 Ne5 12.Bxe5 Rxe5 13.Qf4 Qe7 14.Rfe1 Nh5 15.Qd2 Qg5
16.Qxg5 Rxg5 17.Nf3 Rc5 18.Ba2 Bg4 19.Re3 Nf4 20.g3 Ng6 21.Nd2 Re8 22.Rae1 Bc8
23.Nf3 Be7 24.Kg2 Bf6 25.Rd1 Bxc3 26.bxc3  1/2-1/2

[Event "Szeged TT06 IM"]
[Site "Szeged"]
[Date "1998.06.23"]
[Round "6"]
[White "Moraru, Marius"]
[Black "Ianov, Viktor"]
[Result "1-0"]
[WhiteElo "2375"]
[BlackElo "2360"]

1.e4 d6 2.d4 Nf6 3.Nc3 e5 4.dxe5 dxe5 5.Qxd8+ Kxd8 6.Bc4 Be6 7.Bxe6 fxe6
8.Be3 Bd6 9.f3 a6 10.Nh3 Nbd7 11.O-O-O Ke7 12.Nf2 b5 13.Rd2 Bc5 14.Bxc5+ Nxc5
15.Rhd1 b4 16.Nb1 a5 17.Re2 Rhb8 18.Nd2 a4 19.Nc4 Nfd7 20.Ng4 b3 21.Kb1 bxa2+
22.Kxa2 Ra6 23.Ngxe5 Nxe5 24.Nxe5 Rab6 25.Nd3 Nd7 26.e5 Rc6 27.Re4 Ra8 28.Rd2 Nb6
29.Rh4 h6 30.Rg4 Kf7 31.Nb4 Rc5 32.Re4 Raa5 33.f4 h5 34.Rd3 Ra8 35.Kb1 Rb5
36.Nc6 Rc5 37.Nb4 Kg6 38.Kc1 Kf5 39.Red4 h4 40.Kd1 Rb5 41.Nc6 Rxb2 42.Ne7+ Kg4
43.h3+ Kh5 44.Rd8 Rb4 45.Rxa8 Nxa8 46.Rd8 Rxf4 47.Rxa8 Rf2 48.Ra6 Rxg2 49.Rxe6 Rg5
50.Nd5 Rg3 51.Ra6  1-0

[Event "Copenhagen op"]
[Site "Copenhagen"]
[Date "1998.06.24"]
[Round "4"]
[White "Dongart, Dennis"]
[Black "Petersen, Steen"]
[Result "1-0"]
[WhiteElo "2160"]
[BlackElo "2130"]

1.e4 d6 2.d4 Nf6 3.Nc3 e5 4.dxe5 dxe5 5.Qxd8+ Kxd8 6.Bg5 Be7 7.Nf3 Nbd7 8.O-O-O Ng4
9.Bxe7+ Kxe7 10.Nd5+ Kd8 11.Ng5 Nh6 12.Bc4 c6 13.Ne3 Ke7 14.Rd2 Nb6 15.Bb3 f6
16.Nf3 g6 17.Rhd1 Nf7 18.Ne1 Ng5 19.f3 Ne6 20.Nd3 Nd7 21.c3 Nec5 22.Nxc5 Nxc5
23.Bc2 Be6 24.b4 Na6 25.Bb3 Bc8 26.Nc4 Be6 27.Na5 Bc8 28.Nxb7 Rb8 29.Na5 Rb6
30.Rd6 Nb8 31.a3 Bd7 32.Nc4 Rb7 33.Na5 Rc7 34.Ba4 Rhc8 35.c4 Be6 36.c5 f5
37.Rf1 f4 38.Kc2 g5 39.Kc3 g4 40.Rg1 h5 41.h3 gxh3 42.gxh3 Bxh3 43.Rg5  1-0

[Event "White Nights op"]
[Site "St Petersburg"]
[Date "1998.06.25"]
[Round "6"]
[White "Andreev, Vl"]
[Black "Shushpanov, Vladimir"]
[Result "0-1"]
[WhiteElo "2325"]
[BlackElo "2340"]

1.e4 d6 2.d4 Nf6 3.Nc3 c6 4.Nf3 Bg4 5.h3 Bxf3 6.Qxf3 e6 7.Be2 d5 8.Bg5 Be7
9.Bxf6 Bxf6 10.e5 Be7 11.O-O O-O 12.Bd3 c5 13.dxc5 Bxc5 14.Na4 Nd7 15.Nxc5 Nxc5
16.c3 Qb6 17.Rab1 Nxd3 18.Qxd3 Rac8 19.Rfe1 Rc4 20.Re2 Qc5 21.Re3 Rc8 22.Rbe1 b5
23.Qd2 g6 24.Rf3 b4 25.Ree3 a5 26.Rd3 Qc7 27.Rfe3 Kg7 28.g3 bxc3 29.bxc3 Rb8
30.Rd4 Rb5 31.Rf3 Rbc5 32.Qg5 Rxc3 33.Rxc3 Rxc3 34.Rh4 Kg8 35.Qh6 Qxe5 36.Qxh7+ Kf8
37.Qh6+ Ke7 38.Qd2 Rxg3+  0-1

[Event "White Nights op"]
[Site "St Petersburg"]
[Date "1998.06.26"]
[Round "7"]
[White "Afonin, Alexey"]
[Black "Stotika, V."]
[Result "0-1"]
[WhiteElo "2190"]
[BlackElo "2330"]

1.e4 d6 2.d4 Nf6 3.Nc3 Nbd7 4.Nf3 e5 5.Bc4 Be7 6.O-O O-O 7.Re1 c6 8.a4 Qc7
9.Bg5 Nb6 10.Bb3 Bg4 11.dxe5 dxe5 12.h3 Rad8 13.Qe2 Bc8 14.Nh4 Ne8 15.Qh5 Bxg5
16.Qxg5 Kh8 17.Ne2 h6 18.Qe3 Nd6 19.Ng3 Ndc4 20.Qe2 Rd2 21.Qh5 a5 22.Ngf5 Kh7
23.Bxc4 Nxc4 24.b3 Nd6 25.Rad1 Rxd1 26.Qxd1 Nxf5 27.Nxf5 Bxf5 28.exf5 Rd8
29.Qf3 f6 30.Qg4 Qd7 31.Qg6+ Kg8 32.Re4 Qf7 33.Qg4 Rd2 34.f4 h5 35.Qf3 exf4
36.Qxf4 Qd5 37.Qf3 Rd1+ 38.Kh2 Qd6+ 39.Qg3 Rh1+ 40.Kxh1 Qxg3  0-1

[Event "SVK-ch"]
[Site "Prievidza"]
[Date "1998.06.28"]
[Round "2.45"]
[White "Lednicky, Martin"]
[Black "Zapletal, Jiri"]
[Result "1/2-1/2"]
[WhiteElo "1973"]
[BlackElo "2185"]

1.e4 d6 2.d4 Nf6 3.Nc3 e5 4.dxe5 dxe5 5.Qxd8+ Kxd8 6.Bg5 Bd6 7.Bc4 Be6 8.Bxe6 fxe6
9.O-O-O Ke7 10.Nge2 h6 11.Bh4 Nc6 12.Rhf1 g5 13.Bg3 Rad8 14.h4 g4 15.f4 gxf3
16.Rxf3 Ng4 17.Rdf1 Rdf8 18.Rxf8 Rxf8 19.Rxf8 Kxf8 20.Kd2 Bc5 21.Nd1 a6  1/2-1/2

[Event "SVK-ch"]
[Site "Prievidza"]
[Date "1998.07.02"]
[Round "6.41"]
[White "Bugar, Anton"]
[Black "Zapletal, Jiri"]
[Result "1/2-1/2"]
[WhiteElo "2078"]
[BlackElo "2185"]

1.e4 d6 2.d4 Nf6 3.Nc3 e5 4.dxe5 dxe5 5.Qxd8+ Kxd8 6.Nf3 Bd6 7.Bc4 Be6 8.Bxe6 fxe6
9.O-O Ke7 10.Bg5 Nc6 11.Rad1 Rad8  1/2-1/2

[Event "SVK-ch"]
[Site "Prievidza"]
[Date "1998.07.03"]
[Round "7.3"]
[White "Sluka, Radek"]
[Black "Salai, Ladislav"]
[Result "1/2-1/2"]
[WhiteElo "2380"]
[BlackElo "2440"]

1.Nc3 Nf6 2.e4 d6 3.d4 e5 4.dxe5 dxe5 5.Qxd8+ Kxd8 6.Bg5 Be6 7.f4 exf4 8.e5 h6
9.Bxf4 Nfd7 10.O-O-O g5 11.Bg3 Bg7 12.Nf3 Kc8 13.Nd4 Bxe5 14.Nxe6 fxe6 15.Re1 Nc6
16.Bb5 Bxg3 17.hxg3 Nd4 18.Bc4 Nb6 19.Bxe6+ Nxe6 20.Rxe6 Kd7 21.Rexh6 Rxh6
22.Rxh6 Re8 23.Rg6 Re5 24.Kd2 Nc4+ 25.Kd3 Nxb2+ 26.Kd4 Ra5 27.Rg7+ Kc6 28.Rg6+ Kd7
29.Rg7+ Kc6  1/2-1/2